000 00633nam a2200241Ia 4500
003 OSt
005 20220918185227.0
006 a|||||r|||| 00| 0
007 ta
008 220917b |||||||| |||| 00| 0 eng d
024 _a50,218
037 _cTextual
040 _aARTS
_cARTS
_beng
041 _2eng
_aeng
082 _aP111z7, K8
100 _aQuirk Randolph
_968322
245 0 _aEssays on the English language
_b meideval and modern
260 _c1968
490 _aLongman's linguistics library
650 _aLINGUISTICS
942 _hP111z7, K8
_cTEXL
_2CC
999 _c179815
_d179815